| 000 | 00807nam a2200181Ia 4500 | ||
|---|---|---|---|
| 008 | 090630s9999 xx 000 0 und d | ||
| 082 | _b26948 | ||
| 100 | _aदत्तावधून स्वामी. | ||
| 245 |
_aमानवी जीवनातील गुढ रहस्ये भाग 6. _cदत्तावधून स्वामी. |
||
| 260 |
_bवनिता - मुंबई. _c2005 |
||
| 300 | _a252 | ||
| 600 | _aदत्तावधून स्वामी. | ||
| 630 | _aमानवी जीवनातील गुढ रहस्ये भाग 6. | ||
| 655 | _aधार्मिक. | ||
| 700 | _aदत्तावधून स्वामी. | ||
| 730 | _aमानवी जीवनातील गुढ रहस्ये भाग 6. | ||
| 942 | _cBOOK | ||
| 999 |
_c278804 _d278804 |
||